Rugby World Cup participants - Statistics

General Stats
  • This quiz has been taken 804 times
  • The average score is 21 of 26
Answer Stats
Answer % Correct
France
99%
England
96%
New Zealand
96%
Australia
95%
Ireland
95%
Scotland
95%
South Africa
95%
Wales
95%
Argentina
92%
Fiji
90%
Italy
90%
Samoa
87%
United States
87%
Tonga
86%
Japan
84%
Canada
83%
Portugal
83%
Spain
81%
Georgia
75%
Namibia
72%
Uruguay
71%
Romania
70%
Russia
69%
Chile
63%
Zimbabwe
57%
Ivory Coast
26%
No matching quizzes found
Score Distribution
Percent of People with Each Score
Percentile by Number Answered
Your Score History
You have not taken this quiz